Guess the Figure Skating Jumps - Statistics

General Stats
  • This quiz has been taken 185 times
  • The average score is 7 of 7
Answer Stats
Hint Answer % Correct
The only jump with a forwards edge takeoff, Known for being the hardest jump in figure skating Axel
99%
Backwards outside edge takeoff; known for being the second hardest jump. Lutz
97%
This edge jump can be entered from a 3-turn or a mohawk. The takeoff utilizes your backwards outside edge. Salchow
97%
This toe jump can also be entered from a 3-turn or a mohawk. This jump is commonly mistaken for a Lutz. Flip
96%
This edge jump can be entered with a 3-turn or backwards crossovers. This jump is similar to the Euler. Loop
96%
This jump is the second jump you learn after beginning figure skating; toe jump Toeloop
96%
The first "jump" you learn after beginning figure skating, not classified as one of the main jumps Waltz
81%
No matching quizzes found
Score Distribution
Percent of People with Each Score
Percentile by Number Answered
Your Score History
You have not taken this quiz